00855pam a2200241 a 4500001000800000005001700008008004100025020002200066020002300088040001800111082001900129245013900148260006700287300001300354650001000367650002100377650001000398650002100408700002400429700002800453856006600481856006600547292744520231205004846.0890517s1989 ii b 000 0 eng  a0803996152 (U.S.) a8170361575 (India) aDLCcDLCdDLC00a305.42/09522000aWomen and population dynamics :bperspectives from Asian countries /cedited by K. Mahadevan ; editorial committee, Akbar Aghajanian . aNew Delhi ;aNewbury Park, Calif. :bSage Publications,c1989. a382 p. ; 0aWomen 0aFertility, Human 0aWomen 0aFertility, Human1 aMahadevan, K.,eedt1 aAghajanian, Akbar.eedt42uhttp://www.loc.gov/catdir/enhancements/fy0657/89034757-d.html41uhttp://www.loc.gov/catdir/enhancements/fy0657/89034757-t.html